Statistics for Country Neighbour Connect: With Less Borders, starting with Brunei

Click here to take the quiz!

General Stats

  • This quiz has been taken 162 times
  • The average score is 100 of 154

Answer Stats

COUNTRY% Correct
Brunei
100%
Indonesia
96%
Malaysia
96%
East Timor
93%
Papua New Guinea
89%
Thailand
80%
Bangladesh
79%
Burma
79%
Cambodia
79%
Laos
79%
Vietnam
79%
India
78%
Bhutan
77%
China
77%
Mongolia
77%
Russia
76%
Belarus
74%
Estonia
74%
Latvia
74%
Lithuania
74%
Poland
74%
Czech Republic
73%
Hungary
73%
Slovakia
73%
Albania
72%
Bosnia and Herzegovina
72%
Croatia
72%
Greece
72%
Montenegro
72%
Slovenia
72%
Bulgaria
71%
Kosovo
71%
Macedonia
71%
Serbia
71%
Armenia
69%
Azerbaijan
69%
Georgia
69%
Iran
69%
Moldova
69%
Pakistan
69%
Romania
69%
Turkey
69%
Ukraine
69%
Afghanistan
68%
Kazakhstan
68%
Kyrgyzstan
68%
Tajikistan
68%
Turkmenistan
68%
Uzbekistan
68%
Algeria
67%
Angola
67%
Benin
67%
Botswana
67%
Burundi
67%
Cameroon
67%
Central African Republic
67%
Chad
67%
Côte d'Ivoire
67%
Djibouti
67%
Egypt
67%
Equatorial Guinea
67%
Eritrea
67%
Ethiopia
67%
Gabon
67%
Gambia
67%
Ghana
67%
Guinea
67%
Guinea-Bissau
67%
Iraq
67%
Israel
67%
Jordan
67%
Kenya
67%
Kuwait
67%
Lebanon
67%
Lesotho
67%
Liberia
67%
Libya
67%
Malawi
67%
Mauritania
67%
Morocco
67%
Mozambique
67%
Namibia
67%
Nigeria
67%
Oman
67%
Qatar
67%
Republic of the Congo
67%
Rwanda
67%
Saudi Arabia
67%
Senegal
67%
Sierra Leone
67%
Somalia
67%
South Africa
67%
South Sudan
67%
Swaziland
67%
Syria
67%
Tanzania
67%
Togo
67%
Tunisia
67%
Uganda
67%
United Arab Emirates
67%
Yemen
67%
Zimbabwe
67%
Burkina Faso
66%
Mali
66%
Niger
66%
Democratic Republic of the Congo
63%
Sudan
61%
Zambia
57%
Andorra
56%
Austria
56%
France
56%
Italy
56%
Liechtenstein
56%
Monaco
56%
Portugal
56%
San Marino
56%
Spain
56%
Switzerland
56%
Belgium
55%
Denmark
55%
Germany
55%
Luxembourg
55%
Netherlands
55%
Vatican City
55%
Argentina
52%
Belize
52%
Bolivia
52%
Brazil
52%
Canada
52%
Chile
52%
Colombia
52%
Costa Rica
52%
Ecuador
52%
El Salvador
52%
Guatemala
52%
Guyana
52%
Honduras
52%
Mexico
52%
Nicaragua
52%
Panama
52%
Paraguay
52%
Peru
52%
Suriname
52%
United States
52%
Uruguay
52%
Venezuela
52%
United Kingdom
45%
Ireland
44%
North Korea
44%
South Korea
44%
Finland
43%
Norway
43%
Sweden
43%
Nepal
40%

Score Distribution

Percentile by Number Answered

Percent of People with Each Score

Your Score History

You have not taken this quiz